Raíces históricas de La vorágine : (Registro nro. 60259)
[ vista simple ]
| 000 -CABECERA | |
|---|---|
| Longitud fija campo de control | 01936nam a2200361Ic 4500 |
| 003 - • IDENTIFICADOR DELl NÚMERO DE CONTROL | |
| Identificador del número de control | CO-BoRNBP |
| 005 - • FECHA Y HORA DE LA ÚLTIMA TRANSACCIÓN | |
| Fecha y hora de la última transacción | 20251218204702.0 |
| 007 - • CAMPO FIJO DE DESCRIPCIÓN FÍSICA | |
| Campo fijo de descripción física | ta |
| 008 - • CÓDIGOS DE INFORMACIÓN DE LONGITUD FIJA | |
| Códigos de información de longitud fija | 240923s9999 xx 000 0 und d |
| 020 ## - • NÚMERO INTERNACIONAL NORMALIZADO PARA LIBROS | |
| Número Internacional Normalizado para Libros (ISBN) | 9786287666191 |
| 040 ## - FUENTE DE LA CATALOGACIÓN | |
| Centro catalogador de origen | CO-BoRNBP |
| Lengua de catalogación | spa |
| Normas de descripción | rda |
| Centro transcriptor | CO-BoRNBP |
| 041 0# - • CÓDIGO DE LENGUA | |
| Código de lengua del texto/banda sonora o título independiente | spa |
| 043 ## - CÓDIGO DE ÁREA GEOGRÁFICA | |
| Código de área geográfica | s-ck--- |
| 082 04 - • NÚMERO DE LA CLASIFICACIÓN DECIMAL DEWEY | |
| Número de clasificación (R) | 863.42 |
| Número del ítem | P27r |
| Número de edición | 23 |
| 100 10 - • PUNTO DE ACCESO PRINCIPAL-NOMBRE DE PERSONA | |
| Nombre de persona | Pérez Silva, Vicente, |
| Fechas asociadas al nombre | 1929- |
| Término indicativo de función | aut |
| 245 10 - • TITULO PROPIAMENTE DICHO | |
| Título | Raíces históricas de La vorágine : |
| Resto del título | edición del centenario (1924-2024) / |
| Mención de responsabilidad, etc. | Vicente Pérez Silva. |
| 250 ## - • MENCIÓN DE EDICIÓN | |
| Mención de edición | Segunda edición |
| 264 #1 - PRODUCCIÓN, PUBLICACIÓN , DISTRIBUCIÓN, FABRICACIÓN Y COPYRIGHT | |
| Lugar de producción, publicación, distribución, fabricación | Bogotá, Colombia : |
| Nombre del productor, editor, distribuidor, fabricante | Ministerio de las Culturas las Artes y los Saberes, |
| Fecha de de producción, publicación, distribución, fabricación o copyright | 2024 |
| 300 ## - • DESCRIPCIÓN FÍSICA | |
| Extensión | 233 páginas |
| 336 ## - TIPO DE CONTENIDO | |
| Término de tipo de contenido | texto |
| Código de tipo de contenido | txt |
| Fuente | rdacontenido |
| 337 ## - TIPO DE MEDIO | |
| Nombre del tipo de medio | sin mediación |
| Código del tipo de medio | n |
| Fuente | rdamedio |
| 338 ## - TIPO DE SOPORTE | |
| Nombre del tipo de soporte | volumen |
| Código del tipo de soporte | nc |
| Fuente | rdasoporte |
| 490 0# - • MENCIÓN DE SERIE | |
| Mención de serie | Biblioteca Vorágine |
| Designación de volumen o secuencia | 3 |
| 500 ## - • NOTA GENERAL | |
| Nota general | Imágen de contracubierta correspondiente a la cubierta de La vorágine publicada por M. Aguilar Editor en 1933 en Madrid, España, diseñada por Ignacio Gómez Jaramillo |
| 520 ## - • NOTA DE RESUMEN | |
| Resumen, etc, | En este libro, Vicente Pérez Silva presenta los hechos y episodios históricos, criminales e inhumanos cometidos por la infausta Casa Arana, en la entraña de la selva amazónica, en contra de los caucheros, colonos y tribus indígenas del Caquetá y del Putumayo, hechos que constituyen el fundamento de la mayor parte de La vorágine. Su obra es un conjunto de fuentes testimoniales y documentales de primera mano, que rinden tributo a una de las obras más importantes de la literatura colombiana. -- Tomado a partes del texto |
| 600 10 - • PUNTO DE ACCESO ADICIONAL DE MATERIA - NOMBRE DE PERSONA | |
| Nombre de persona | Rivera, José Eustasio, |
| Fechas asociadas al nombre | 1888-1928 |
| 650 17 - • PUNTO DE ACCESO ADICIONAL DE MATERIA - TÉRMINO DE MATERIA | |
| Término de materia o nombre geográfico como elemento inicial | Critica literaria |
| Subdivisión geográfica | Colombia |
| Fuente del encabezamiento o término | rnbp |
| 650 17 - • PUNTO DE ACCESO ADICIONAL DE MATERIA - TÉRMINO DE MATERIA | |
| Término de materia o nombre geográfico como elemento inicial | Novela colombiana |
| Subdivisión de materia general | Historia y crítica |
| Fuente del encabezamiento o término | rnbp |
| 650 17 - • PUNTO DE ACCESO ADICIONAL DE MATERIA - TÉRMINO DE MATERIA | |
| Término de materia o nombre geográfico como elemento inicial | Literatura colombiana |
| Subdivisión de forma | Colecciones de escritos |
| Fuente del encabezamiento o término | rnbp |
| 651 #0 - • PUNTO DE ACCESO ADICIONAL DE MATERIA - NOMBRE GEOGRÁFICO | |
| Nombre geográfico | Colombia |
| Subdivisión de materia general | Historia |
| -- | Condiciones socioeconómicas |
| 942 ## - ENTRADA DE ELEMENTOS AGREGADOS (KOHA) | |
| Suppress in OPAC | 0 |
| Fuente de clasificaión o esquema | Dewey Decimal Classification |
| Koha [por defecto] tipo de item | Libro Literatura |
No hay ítems disponibles.